000 00724nam a2200265Ia 4500
001 52505
005 20240114005308.0
007 ta
008 100812s2001 g b000 u 465 u
020 _a81-224-1293-9
040 _aCotton College,Assam
041 _a465
082 _a577.2
_bDe 34 En
100 _aDe , Anil Kumar .
245 0 _aEnvironmental Studies /
_cAnil Kumar De & Arnab Kumar De.
_hTextual Documents
250 _aIst ed /
260 _aNew Delhi :
_bNew Age International Publishers ,
_c2001.
300 _a209p ;
_c22cm.
653 _aEnvironmental Studies
700 _aDe, Arnab Kumar .
942 _2ddc
_cBK
999 _c52469
_d52469